Normal view
MARC view
Entry Geographic Name
001 - CONTROL NUMBER
- control field: 6837
003 - CONTROL NUMBER IDENTIFIER
- control field: TR-AnCHP
005 - DATE AND TIME OF LATEST TRANSACTION
- control field: 20211118161257.0
008 - FIXED-LENGTH DATA ELEMENTS
- fixed length control field: 211118|| aca||aabn | a|a d
040 ## - CATALOGING SOURCE
- Original cataloging agency: TR-AnCHP
151 ## - HEADING--GEOGRAPHIC NAME
- Geographic name: Mısır
